| 000 | 01179nam a2200205 4500 | ||
|---|---|---|---|
| 005 | 20260216155531.0 | ||
| 008 | 260209b |||||||| |||| 00| 0 eng d | ||
| 020 | _a9781475806021 | ||
| 041 | _aEnglish | ||
| 082 |
_bMCL _a378.1 |
||
| 100 |
_aMcLachlan Joan E. _9216686 |
||
| 245 | _aInternships for Today's World: A Practical Guide for High Schools and Community Colleges | ||
| 260 |
_aNew York _bRowman & Littlefield _c2014 |
||
| 300 | _a136 | ||
| 365 |
_b2749.73 _cRs.00 |
||
| 520 | _a1. Key Elements Of A Quality Internship Program: Getting It Right From The Start 2. Internship Site Development: Internships Don't Just Happen 3. Placing Students In Internships: One Size Does Not Fit All 4. Monitoring Students In Internships: Providing A Guiding Hand 5. Supporting Sponsors In Internships: Building A Strong Partnership 6. Seminars For Reflective Learning: Making Sense Of It All 7. Evaluating Internship Learning: Putting It All Together 8. The Predictable Stages Of Internships: No Surprises 9. The Power Of Internships: Real Schools, Real Stories | ||
| 650 |
_aHigher education Activities _9216741 |
||
| 700 |
_aHess Patricia F. _9216687 |
||
| 942 | _cBK | ||
| 999 |
_c370382 _d370382 |
||